[Event "FIN-chT 2223"]
[Site "Finland"]
[Date "2023.01.15"]
[Round "8.4"]
[White "Nevanlinna, Risto"]
[Black "Penttinen, Jarkko"]
[Result "0-1"]
[WhiteElo "2234"]
[BlackElo "2225"]
[PlyCount "106"]
[EventDate "2022.09.24"]
[EventType "team-tourn"]
[EventRounds "11"]
[EventCountry "FIN"]
[SourceTitle "EXT 2024"]
[Source "ChessBase"]
[SourceDate "2023.10.10"]
[SourceVersion "1"]
[SourceVersionDate "2023.10.10"]
[SourceQuality "1"]
[WhiteTeam "Jyvaskyla JyS"]
[BlackTeam "Tampere Tammer"]
[WhiteTeamCountry "FIN"]
[BlackTeamCountry "FIN"]

1. e4 d5 2. exd5 Qxd5 3. Nc3 Qd6 4. d4 Nf6 5. Nb5 Qd8 6. c4 c6 7. Nc3 g6 8. Be2 Bg7 9. h3 0-0 10. Nf3 Nbd7 11. Bf4 Re8 12. 0-0 b6 13. Qd2 Bb7 14. Rad1 a5 15. Rfe1 e6 16. Ne5 Qc8 17. Bf3 Rd8 18. Qe3 Nxe5 19. dxe5 Nd7 20. Na4 Ra6 21. Qd3 h6 22. c5 g5 23. Bg3 Ra8 24. cxb6 Ba6 25. Qe4 Bb5 26. Nc3 Nxb6 27. a4 Bc4 28. Qxc6 Qxc6 29. Bxc6 Rac8 30. Bb7 Rb8 31. Be4 Bb3 32. Rxd8+ Rxd8 33. f4 Nc4 34. Bc6 Rd3 35. Kh2 Rd2 36. fxg5 Rxb2 37. gxh6 Bxh6 38. Ne4 Ne3 39. Nf6+ Kg7 40. Be4 Bxa4 41. Nh5+ Kf8 42. Nf4 Nc4 43. Ra1 Bb5 44. h4 Nd2 45. Ba8 Rb3 46. Nh5 Nf1+ 47. Kh3 Nxg3 48. Nxg3 Bf4 49. Bf3 a4 50. Ne4 Bxe5 51. Rc1 a3 52. Rc8+ Kg7 53. Nd2 Rb2 0-1

[Event "FIN-chT 2223"]
[Site "Finland"]
[Date "2023.01.14"]
[Round "7.6"]
[White "Penttinen, Jarkko"]
[Black "Kivisto, Mikko"]
[Result "1-0"]
[WhiteElo "2225"]
[BlackElo "2208"]
[PlyCount "87"]
[EventDate "2022.09.24"]
[EventType "team-tourn"]
[EventRounds "11"]
[EventCountry "FIN"]
[SourceTitle "EXT 2024"]
[Source "ChessBase"]
[SourceDate "2023.10.10"]
[SourceVersion "1"]
[SourceVersionDate "2023.10.10"]
[SourceQuality "1"]
[WhiteTeam "Tampere Tammer"]
[BlackTeam "Espoo MatSK"]
[WhiteTeamCountry "FIN"]
[BlackTeamCountry "FIN"]

1. e4 c5 2. Nf3 e6 3. c3 d5 4. exd5 Qxd5 5. d4 Nf6 6. Be3 cxd4 7. cxd4 Bb4+ 8. Nc3 0-0 9. Bd3 b6 10. 0-0 Bxc3 11. bxc3 Ba6 12. Bxa6 Nxa6 13. Qe2 Nb8 14. c4 Qh5 15. Rab1 Nbd7 16. Rb5 Qg4 17. a4 Rfc8 18. a5 Qe4 19. Rc1 a6 20. Rxb6 Nxb6 21. axb6 Rab8 22. Qb2 Nd7 23. c5 Qc6 24. Rb1 f6 25. h3 Qd5 26. Qa3 e5 27. Rc1 exd4 28. Bxd4 Ne5 29. Nxe5 fxe5 30. Be3 Ra8 31. Rb1 Rab8 32. Qxa6 Rxc5 33. Bxc5 Qxc5 34. Qa2+ Kf8 35. b7 Qc6 36. Qb3 Ke7 37. Kh2 Kf8 38. Qb4+ Kf7 39. Rb3 Qc7 40. Rf3+ Kg8 41. Qb3+ Kh8 42. Rf7 Qd6 43. Qc4 h6 44. Rc7 1-0

[Event "FIN-chT 2223"]
[Site "Finland"]
[Date "2022.09.24"]
[Round "1.4"]
[White "Topi Hulmi, Teemu"]
[Black "Penttinen, Jarkko"]
[Result "1-0"]
[WhiteElo "2254"]
[BlackElo "2225"]
[PlyCount "131"]
[EventDate "2022.09.24"]
[EventType "team-tourn"]
[EventRounds "11"]
[EventCountry "FIN"]
[SourceTitle "CBM 210 Extra"]
[Source "ChessBase"]
[SourceDate "2022.11.30"]
[SourceVersion "1"]
[SourceVersionDate "2022.11.30"]
[SourceQuality "1"]
[WhiteTeam "Turku TuTS"]
[BlackTeam "Tampere Tammer"]
[WhiteTeamCountry "FIN"]
[BlackTeamCountry "FIN"]

1. e4 c5 2. Nc3 d6 3. g3 Nc6 4. Bg2 g6 5. d3 Bg7 6. Be3 e5 7. Qd2 Nge7 8. f4 Nd4 9. Nf3 Bg4 10. 0-0 0-0 11. Rf2 Qd7 12. Raf1 f5 13. Nh4 fxe4 14. dxe4 exf4 15. Bxf4 Nec6 16. Nd5 Rf7 17. c3 Ne6 18. Bh6 Rxf2 19. Rxf2 Rf8 20. h3 Rxf2 21. Qxf2 g5 22. Nf5 Bxf5 23. exf5 Qf7 24. fxe6 Qxf2+ 25. Kxf2 Bxh6 26. Nf6+ Kg7 27. Ne8+ Kf8 28. Nxd6 Ne7 29. Nxb7 g4 30. hxg4 Bc1 31. b4 cxb4 32. cxb4 Ba3 33. b5 Kg7 34. Be4 h6 35. Kf3 Kf6 36. Nd8 Ke5 37. Nf7+ Kxe6 38. Nxh6 Bc1 39. Nf5 Nc8 40. Ne3 Nd6 41. a4 Ke5 42. Bc2 Nf7 43. Nc4+ Kd5 44. Bd3 Kc5 45. Ke2 Nh6 46. Ne5 Kb4 47. Bc2 Ka5 48. Nc6+ Kb6 49. Kf3 a6 50. Bd3 axb5 51. Bxb5 Kc5 52. Ne5 Kd4 53. Nd3 Bd2 54. Ke2 Bc3 55. g5 Ng8 56. Kf3 Kd5 57. Kg4 Ke4 58. Kh5 Ne7 59. g4 Kf3 60. Bd7 Ke4 61. Nc5+ Kd5 62. Nb3 Kc4 63. Be6+ Kb4 64. a5 Kb5 65. Kh6 Be5 66. g6 1-0

[Event "FIN-chT 1819"]
[Site "Finland"]
[Date "2018.12.09"]
[Round "6.7"]
[White "Rehn, Ralf"]
[Black "Penttinen, Jarkko"]
[Result "1/2-1/2"]
[WhiteElo "2176"]
[BlackElo "2259"]
[PlyCount "90"]
[EventDate "2018.09.15"]
[EventType "team-tourn"]
[EventRounds "11"]
[EventCountry "FIN"]
[SourceTitle "CBM 187 Extra"]
[Source "ChessBase"]
[SourceDate "2018.11.04"]
[SourceVersion "1"]
[SourceVersionDate "2018.11.04"]
[SourceQuality "1"]
[WhiteTeam "Salo SalSK"]
[BlackTeam "Tampere Tammer"]
[WhiteTeamCountry "FIN"]
[BlackTeamCountry "FIN"]

1. e4 c5 2. Nf3 Nc6 3. d4 cxd4 4. Nxd4 Nf6 5. Nc3 e5 6. Ndb5 d6 7. Bg5 a6 8. Na3 b5 9. Nd5 Be7 10. Nxe7 Nxe7 11. Bd3 d5 12. Qf3 dxe4 13. Bxe4 Nxe4 14. Qxe4 Qd5 15. Qxd5 Nxd5 16. c4 bxc4 17. Nxc4 f6 18. Bd2 Ke7 19. Ba5 Be6 20. Nb6 Rab8 21. Nxd5+ Bxd5 22. b4 Rhc8 23. 0-0 Rc2 24. a4 Rbc8 25. Bb6 R8c4 26. h3 Rxb4 27. a5 g5 28. Rac1 Rbc4 29. Rxc2 Rxc2 30. Rd1 Ke6 31. Bd8 Rc6 32. Rb1 h5 33. Rb6 Kf5 34. Rxc6 Bxc6 35. f3 Kg6 36. Kf2 f5 37. h4 gxh4 38. Bxh4 Kf7 39. g3 Ke6 40. Ke3 Ba4 41. Bd8 Bc2 42. Bh4 Kd5 43. Bd8 Kc4 44. Bf6 Kb4 45. Bd8 Ba4 1/2-1/2

[Event "FIN-chT 1718"]
[Site "Finland"]
[Date "2018.03.10"]
[Round "10.8"]
[White "Fraser, Scott"]
[Black "Penttinen, Jarkko"]
[Result "1/2-1/2"]
[WhiteElo "2170"]
[BlackElo "2256"]
[PlyCount "83"]
[EventDate "2017.09.16"]
[EventType "team-tourn"]
[EventRounds "11"]
[EventCountry "FIN"]
[SourceTitle "EXT 2019"]
[Source "ChessBase"]
[SourceDate "2018.10.10"]
[SourceVersion "1"]
[SourceVersionDate "2018.10.10"]
[SourceQuality "1"]
[WhiteTeam "Espoo MatSK"]
[BlackTeam "Tampere Tammer"]
[WhiteTeamCountry "FIN"]
[BlackTeamCountry "FIN"]

1. d4 d5 2. c4 e6 3. Nc3 c6 4. e3 Nf6 5. Nf3 a6 6. b3 c5 7. cxd5 cxd4 8. Nxd4 Nxd5 9. Bd2 Ba3 10. Rb1 Bc5 11. Nxd5 Qxd5 12. Bc3 0-0 13. Nf3 Qxd1+ 14. Rxd1 Nc6 15. Bd3 Nb4 16. Bb1 Nd5 17. Bd2 f6 18. Be4 Ne7 19. Bc1 e5 20. Ke2 Rb8 21. Bb2 Be6 22. Rc1 b6 23. Bd3 a5 24. Nd2 Nd5 25. Ne4 Be7 26. f3 Rfc8 27. Nc3 g6 28. Nxd5 Bxd5 29. Rxc8+ Rxc8 30. Rc1 Rxc1 31. Bxc1 a4 32. e4 Be6 33. bxa4 Bxa2 34. Be3 Bd8 35. Kd2 Be6 36. Kc3 Kf8 37. Kb4 Bd7 38. Bb5 Bc8 39. Bc6 Ba6 40. Bb5 Bc8 41. Bc6 Ba6 42. Bb5 1/2-1/2

[Event "FIN-chT 1718"]
[Site "Finland"]
[Date "2017.09.17"]
[Round "2.7"]
[White "Elomaa, Arto"]
[Black "Penttinen, Jarkko"]
[Result "1/2-1/2"]
[WhiteElo "2129"]
[BlackElo "2256"]
[PlyCount "87"]
[EventDate "2017.09.16"]
[EventType "team-tourn"]
[EventRounds "11"]
[EventCountry "FIN"]
[SourceTitle "CBM 180 Extra"]
[Source "ChessBase"]
[SourceDate "2017.10.06"]
[SourceVersion "1"]
[SourceVersionDate "2017.10.06"]
[SourceQuality "1"]
[WhiteTeam "Helsinki HSK"]
[BlackTeam "Tampere Tammer"]
[WhiteTeamCountry "FIN"]
[BlackTeamCountry "FIN"]

1. d4 g6 2. e4 Bg7 3. Nf3 d6 4. Bc4 e6 5. 0-0 Ne7 6. c3 a6 7. a4 b6 8. Bg5 h6 9. Bh4 Bb7 10. Nbd2 Nd7 11. Bg3 0-0 12. Re1 Nf6 13. h3 Qd7 14. e5 Ne8 15. Bd3 Nf5 16. Bh2 Qd8 17. Qe2 Nh4 18. Ne4 Nxf3+ 19. Qxf3 Kh8 20. Qe3 Qe7 21. Rad1 f5 22. exf6 Nxf6 23. Nd2 Qe8 24. Qxe6 Qxa4 25. Bxg6 Qb5 26. Bg3 Qxb2 27. Nf1 Qb5 28. Ne3 Qg5 29. Qf5 Ne4 30. Qxg5 hxg5 31. Bxe4 Bxe4 32. Ng4 Rfe8 33. h4 gxh4 34. Bxh4 Bc6 35. f4 a5 36. f5 Bd7 37. Ne3 Bh6 38. Nd5 Bxf5 39. Nxc7 Rxe1+ 40. Rxe1 Rc8 41. Nd5 Bg7 42. Ne7 Rf8 43. Nxf5 Rxf5 44. Bd8 1/2-1/2

[Event "FIN-chT 1617"]
[Site "Finland"]
[Date "2017.03.11"]
[Round "10.7"]
[White "Vainio, Ville"]
[Black "Penttinen, Jarkko"]
[Result "1/2-1/2"]
[WhiteElo "2188"]
[BlackElo "2268"]
[PlyCount "65"]
[EventDate "2016.09.17"]
[EventType "team-tourn"]
[EventRounds "11"]
[EventCountry "FIN"]
[SourceTitle "EXT 2018"]
[Source "ChessBase"]
[SourceDate "2017.10.13"]
[SourceVersion "1"]
[SourceVersionDate "2017.10.13"]
[SourceQuality "1"]
[WhiteTeam "Turku TuTS"]
[BlackTeam "Tampere Tammer"]
[WhiteTeamCountry "FIN"]
[BlackTeamCountry "FIN"]

1. e4 d5 2. exd5 Nf6 3. d4 Nxd5 4. Nf3 g6 5. Be2 Bg7 6. 0-0 0-0 7. c4 Nb6 8. h3 N8d7 9. d5 c6 10. dxc6 bxc6 11. Nc3 Ba6 12. Re1 Re8 13. Qc2 Bxc4 14. Bxc4 Nxc4 15. Ne4 Ndb6 16. Rb1 Qc8 17. Bf4 Qf5 18. Bg3 Rac8 19. Qe2 Qb5 20. a4 Qb3 21. Nc5 Qb4 22. Nd3 Qb3 23. Nc5 Qa2 24. b3 Qxe2 25. Rxe2 Nd6 26. Be5 Nd5 27. Rbe1 Bxe5 28. Nxe5 e6 29. Rc1 Nf5 30. Rd2 f6 31. Nc4 Rcd8 32. Ne4 e5 33. Na5 1/2-1/2

[Event "FIN-chT 1617"]
[Site "Finland"]
[Date "2017.03.10"]
[Round "9.8"]
[White "Tiitta, Sauli"]
[Black "Penttinen, Jarkko"]
[Result "1-0"]
[WhiteElo "2203"]
[BlackElo "2268"]
[PlyCount "129"]
[EventDate "2016.09.17"]
[EventType "team-tourn"]
[EventRounds "11"]
[EventCountry "FIN"]
[SourceTitle "EXT 2018"]
[Source "ChessBase"]
[SourceDate "2017.10.13"]
[SourceVersion "1"]
[SourceVersionDate "2017.10.13"]
[SourceQuality "1"]
[WhiteTeam "Espoo MatSK"]
[BlackTeam "Tampere Tammer"]
[WhiteTeamCountry "FIN"]
[BlackTeamCountry "FIN"]

1. d4 g6 2. e4 Bg7 3. Nc3 d6 4. Be3 a6 5. Qd2 b5 6. a4 b4 7. Nd1 a5 8. c3 bxc3 9. bxc3 Ba6 10. f3 Bxf1 11. Kxf1 Nd7 12. h4 h5 13. Nf2 e6 14. Ngh3 Ne7 15. Ng5 Nb6 16. Qd3 Qd7 17. d5 exd5 18. Bxb6 cxb6 19. exd5 Rc8 20. Nfe4 f5 21. Ne6 Be5 22. N4g5 Rxc3 23. Qa6 Rc8 24. Re1 f4 25. Qxb6 Qxa4 26. Rxe5 dxe5 27. Ng7+ Kd7 28. Qe6+ Kc7 29. Qxe7+ Kb6 30. Kg1 Rc1+ 31. Kh2 Rxh1+ 32. Kxh1 Qa1+ 33. Kh2 Rc8 34. Qe6+ Kb7 35. Ne8 Rc1 36. Nd6+ Kb6 37. Nde4+ Kb5 38. Qd7+ Kb4 39. Nf2 Qd4 40. Nge4 Rc2 41. Qb7+ Ka4 42. d6 Rxf2 43. Qc6+ Kb4 44. Nxf2 Qxf2 45. Qe4+ Kb3 46. Qxe5 a4 47. Qe6+ Kb2 48. d7 Qxh4+ 49. Kg1 a3 50. Qb6+ Kc2 51. Qxg6+ Kd2 52. Qd6+ Kc2 53. Qc5+ Kd1 54. Qd4+ Kc2 55. d8Q Qe1+ 56. Kh2 Qg3+ 57. Kh1 Qe1+ 58. Qg1 Qxg1+ 59. Kxg1 a2 60. Qd4 Kb1 61. Qb4+ Kc1 62. Qa3+ Kb1 63. Qb3+ Ka1 64. Qc2 h4 65. Qc1# 1-0

[Event "FIN-chT 1617"]
[Site "Finland"]
[Date "2017.02.04"]
[Round "7.7"]
[White "Linnanen, Lassi"]
[Black "Penttinen, Jarkko"]
[Result "1/2-1/2"]
[WhiteElo "2159"]
[BlackElo "2268"]
[PlyCount "59"]
[EventDate "2016.09.17"]
[EventType "team-tourn"]
[EventRounds "11"]
[EventCountry "FIN"]
[SourceTitle "EXT 2018"]
[Source "ChessBase"]
[SourceDate "2017.10.13"]
[SourceVersion "1"]
[SourceVersionDate "2017.10.13"]
[SourceQuality "1"]
[WhiteTeam "Helsinki Aatos"]
[BlackTeam "Tampere Tammer"]
[WhiteTeamCountry "FIN"]
[BlackTeamCountry "FIN"]

1. e4 g6 2. d4 Bg7 3. Nc3 a6 4. Nf3 d6 5. Be3 Nd7 6. h3 b5 7. a4 b4 8. Ne2 Bb7 9. Ng3 Ngf6 10. Bd3 c5 11. c3 a5 12. 0-0 Qc7 13. Nd2 e5 14. d5 0-0 15. Bb5 Ba6 16. Bxa6 Rxa6 17. Qe2 Raa8 18. cxb4 axb4 19. b3 Ne8 20. Qg4 Qd8 21. Nc4 Nb6 22. Nxb6 Qxb6 23. Qh4 Qa6 24. Bh6 Qd3 25. Rab1 f5 26. Rfd1 Qc2 27. Rdc1 Qd3 28. Rd1 Qc2 29. Rdc1 Qd3 30. Rd1 1/2-1/2

[Event "FIN-chT1A 1617"]
[Site "Finland"]
[Date "2016.10.08"]
[Round "3.1"]
[White "Tammela, Kari"]
[Black "Penttinen, Jarkko"]
[Result "1/2-1/2"]
[WhiteElo "2143"]
[BlackElo "2268"]
[PlyCount "50"]
[EventDate "2016.09.17"]
[EventType "team-tourn"]
[EventRounds "7"]
[EventCountry "FIN"]
[SourceTitle "EXT 2019"]
[Source "ChessBase"]
[SourceDate "2018.10.10"]
[SourceVersion "1"]
[SourceVersionDate "2018.10.10"]
[SourceQuality "1"]
[WhiteTeam "Vaasa VSS"]
[BlackTeam "Tampere Tammer II"]
[WhiteTeamCountry "FIN"]
[BlackTeamCountry "FIN"]

1. Nf3 g6 2. d4 Bg7 3. c4 c5 4. Nc3 cxd4 5. Nxd4 Nc6 6. e3 Nh6 7. Be2 0-0 8. 0-0 d6 9. Qd2 Nxd4 10. exd4 Nf5 11. d5 Qa5 12. Re1 Nd4 13. Bd3 Nb3 14. axb3 Qxa1 15. Rxe7 Qa5 16. Qe1 Qd8 17. Re2 Bf5 18. Bxf5 gxf5 19. Bf4 a6 20. Qc1 Qf6 21. Bg5 Qg6 22. h3 Rfe8 23. Bf4 Rxe2 24. Nxe2 Rc8 25. Qd2 Re8 1/2-1/2

[Event "FIN-chT 1314"]
[Site "Finland"]
[Date "2013.09.22"]
[Round "2.5"]
[White "Penttinen, Jarkko"]
[Black "Sandvik, Thomas"]
[Result "1/2-1/2"]
[WhiteElo "2288"]
[BlackElo "2092"]
[PlyCount "42"]
[EventDate "2013.09.21"]
[EventType "team-tourn"]
[EventRounds "11"]
[EventCountry "FIN"]
[SourceTitle "EXT 2014"]
[Source "ChessBase"]
[SourceDate "2013.11.20"]
[SourceVersion "1"]
[SourceVersionDate "2013.11.20"]
[SourceQuality "1"]
[WhiteTeam "Tampere Tammer"]
[BlackTeam "Helsinki Garde"]
[WhiteTeamCountry "FIN"]
[BlackTeamCountry "FIN"]

1. Nf3 Nf6 2. d4 c5 3. e3 cxd4 4. exd4 d5 5. Bd3 Nc6 6. c3 Bg4 7. h3 Bh5 8. Nbd2 e6 9. Qb3 Qc7 10. 0-0 Bd6 11. Re1 0-0 12. g4 Bg6 13. Bxg6 hxg6 14. Ng5 Rab8 15. Ndf3 b5 16. Qc2 b4 17. c4 dxc4 18. Qxc4 Ne5 19. Qxc7 Nxf3+ 20. Nxf3 Bxc7 21. Bd2 Rfc8 1/2-1/2

[Event "EU-Cup 28th"]
[Site "Eilat"]
[Date "2012.10.12"]
[Round "2.5"]
[White "Penttinen, Jarkko"]
[Black "Collutiis, Duilio"]
[Result "1-0"]
[WhiteElo "2258"]
[BlackElo "2501"]
[PlyCount "83"]
[EventDate "2012.10.11"]
[EventType "team-swiss"]
[EventRounds "7"]
[EventCountry "ISR"]
[SourceTitle "CBM 151"]
[Source "ChessBase"]
[SourceDate "2012.11.13"]
[SourceVersion "1"]
[SourceVersionDate "2012.11.13"]
[SourceQuality "1"]
[WhiteTeam "Tammer Shakki"]
[BlackTeam "Risarcimento Obiettivo"]
[WhiteTeamCountry "FIN"]
[BlackTeamCountry "ITA"]

1. d4 Nf6 2. Nf3 g6 3. g3 Bg7 4. Bg2 0-0 5. 0-0 d6 6. c4 Nbd7 7. Nc3 e5 8. h3 c6 9. e4 exd4 10. Nxd4 Qb6 11. Nde2 Nc5 12. Rb1 Re8 13. Be3 Qa6 14. e5 Rxe5 15. Qxd6 Ne8 16. Qd2 Bf5 17. Rbd1 Qxc4 18. b3 Qb4 19. Bd4 Re6 20. g4 Bxd4 21. Qxd4 Qxd4 22. Nxd4 Bd3 23. Nxe6 fxe6 24. Rfe1 Ba6 25. Re5 Nd3 26. Rxe6 Kf7 27. Re3 Nf4 28. Rd7+ Kg8 29. g5 Ng7 30. Ne4 Ngh5 31. Nf6+ Nxf6 32. gxf6 Rf8 33. f7+ Kg7 34. Bf1 Nd5 35. Re8 Rxf7 36. Rxf7+ Kxf7 37. Rb8 Nc3 38. Bxa6 bxa6 39. Rb7+ Kf8 40. a4 Nd5 41. Rxa7 Nb4 42. Kg2 1-0

[Event "FIN Team Cup"]
[Site "Finland"]
[Date "2012.05.26"]
[Round "3.2"]
[White "Nordlund, Jukka"]
[Black "Penttinen, Jarkko"]
[Result "1-0"]
[WhiteElo "2113"]
[BlackElo "2265"]
[PlyCount "73"]
[EventDate "2012.03.31"]
[EventType "team-k.o."]
[EventRounds "6"]
[EventCountry "FIN"]
[SourceTitle "EXT 2022"]
[Source "ChessBase"]
[SourceDate "2021.10.06"]
[SourceVersion "1"]
[SourceVersionDate "2021.10.06"]
[SourceQuality "1"]
[WhiteTeam "Pori PSY"]
[BlackTeam "Tampere Tammer"]
[WhiteTeamCountry "FIN"]
[BlackTeamCountry "FIN"]

1. d4 d5 2. c4 dxc4 3. e4 Nf6 4. e5 Nd5 5. Bxc4 Nc6 6. Nf3 Bf5 7. 0-0 e6 8. Nc3 Nb6 9. Bb5 Qd7 10. Nh4 Bg6 11. Be3 a6 12. Bxc6 Qxc6 13. Nxg6 hxg6 14. Rc1 Be7 15. d5 Qd7 16. d6 Bd8 17. Qb3 Qc6 18. Ne2 Qd7 19. dxc7 Bxc7 20. Bxb6 Bxe5 21. f4 Bd6 22. Rfd1 Rh5 23. a4 Qe7 24. Rd3 Kf8 25. g4 Bc5+ 26. Kg2 Rxh2+ 27. Kxh2 Qh4+ 28. Rh3 Qf2+ 29. Kh1 Bxb6 30. Rh8+ Ke7 31. Qa3+ Bc5 32. Rxc5 Rxh8+ 33. Rh5+ Kd7 34. Qd3+ Ke7 35. Rxh8 Qf1+ 36. Kh2 Qf2+ 37. Kh3 1-0

[Event "FIN-chT 1112"]
[Site "Finland"]
[Date "2012.02.11"]
[Round "8.8"]
[White "Penttinen, Jarkko"]
[Black "Nieminen, Kari"]
[Result "1/2-1/2"]
[WhiteElo "2272"]
[BlackElo "2145"]
[PlyCount "63"]
[EventDate "2011.09.17"]
[EventType "team-tourn"]
[EventRounds "11"]
[EventCountry "FIN"]
[SourceTitle "EXT 2013"]
[Source "ChessBase"]
[SourceDate "2012.11.22"]
[SourceVersion "1"]
[SourceVersionDate "2012.11.22"]
[SourceQuality "1"]
[WhiteTeam "Tampere"]
[BlackTeam "Espoo"]
[WhiteTeamCountry "FIN"]
[BlackTeamCountry "FIN"]

1. Nf3 c5 2. c4 Nf6 3. Nc3 g6 4. d4 cxd4 5. Nxd4 Nc6 6. e4 d6 7. Be2 Nxd4 8. Qxd4 Bg7 9. Be3 0-0 10. Qd3 Be6 11. 0-0 Qa5 12. Rac1 Rfc8 13. b3 Nd7 14. Bd2 Nc5 15. Qe3 Qd8 16. f4 a5 17. Kh1 Bd7 18. f5 Bc6 19. Bg4 Rc7 20. Nd5 Bxd5 21. exd5 a4 22. Bc3 axb3 23. Bxg7 Kxg7 24. axb3 Ra3 25. Rb1 f6 26. fxg6 hxg6 27. Be6 b5 28. cxb5 Rb7 29. Rf3 Nxe6 30. dxe6 Rxb5 31. Rh3 Rg5 32. Rg3 1/2-1/2

[Event "FIN-chT 1011"]
[Site "Finland"]
[Date "2011.02.13"]
[Round "7.8"]
[White "Penttinen, Jarkko"]
[Black "Prieur, Eetu"]
[Result "1/2-1/2"]
[WhiteElo "2277"]
[BlackElo "2152"]
[PlyCount "42"]
[EventDate "2010.09.18"]
[EventType "team-tourn"]
[EventRounds "9"]
[EventCountry "FIN"]
[SourceTitle "EXT 2012"]
[Source "ChessBase"]
[SourceDate "2011.11.24"]
[SourceVersion "1"]
[SourceVersionDate "2011.11.24"]
[SourceQuality "1"]
[WhiteTeam "Tammer Shakki"]
[BlackTeam "Betfair Aatos"]
[WhiteTeamCountry "FIN"]
[BlackTeamCountry "FIN"]

1. e4 e5 2. Nf3 Nc6 3. Bb5 f5 4. Bxc6 dxc6 5. Nc3 Nf6 6. Qe2 Bd6 7. exf5 0-0 8. Ng5 Nd5 9. d3 Nxc3 10. bxc3 Bxf5 11. g4 h6 12. Ne4 Bxe4 13. Qxe4 Bc5 14. 0-0 Qd5 15. Qxd5+ cxd5 16. Bd2 Rf3 17. Rae1 Raf8 18. Re2 c6 19. Kg2 Bb6 20. h3 R8f7 21. Bc1 Bc5 1/2-1/2

[Event "FIN-chT 1011"]
[Site "Finland"]
[Date "2010.11.20"]
[Round "4.7"]
[White "Fraser, Scott"]
[Black "Penttinen, Jarkko"]
[Result "0-1"]
[WhiteElo "2084"]
[BlackElo "2277"]
[PlyCount "54"]
[EventDate "2010.09.18"]
[EventType "team-tourn"]
[EventRounds "9"]
[EventCountry "FIN"]
[SourceTitle "EXT 2012"]
[Source "ChessBase"]
[SourceDate "2011.11.24"]
[SourceVersion "1"]
[SourceVersionDate "2011.11.24"]
[SourceQuality "1"]
[WhiteTeam "Mat SK II"]
[BlackTeam "Tammer Shakki"]
[WhiteTeamCountry "FIN"]
[BlackTeamCountry "FIN"]

1. Nf3 d5 2. d4 Nf6 3. c4 dxc4 4. e3 e6 5. Bxc4 c5 6. 0-0 a6 7. dxc5 Bxc5 8. Qe2 Nc6 9. e4 Ng4 10. e5 Qc7 11. Bf4 f6 12. Nbd2 Ngxe5 13. Nxe5 Nxe5 14. Bxe5 Qxe5 15. Qxe5 fxe5 16. Nf3 e4 17. Ng5 e3 18. Bxe6 exf2+ 19. Kh1 Bxe6 20. Nxe6 Bb6 21. Rac1 Ke7 22. Nf4 Rad8 23. Rc2 Rd6 24. Re2+ Kd7 25. Nh3 Re8 26. Rxe8 Kxe8 27. g3 Rd2 0-1

[Event "FIN-chT 1011"]
[Site "Finland"]
[Date "2010.09.19"]
[Round "2.6"]
[White "Penttinen, Jarkko"]
[Black "Nieminen, Samuli"]
[Result "1-0"]
[WhiteElo "2277"]
[BlackElo "2079"]
[PlyCount "69"]
[EventDate "2010.09.18"]
[EventType "team-tourn"]
[EventRounds "9"]
[EventCountry "FIN"]
[SourceTitle "EXT 2012"]
[Source "ChessBase"]
[SourceDate "2011.11.24"]
[SourceVersion "1"]
[SourceVersionDate "2011.11.24"]
[SourceQuality "1"]
[WhiteTeam "Tammer Shakki"]
[BlackTeam "Sal SK"]
[WhiteTeamCountry "FIN"]
[BlackTeamCountry "FIN"]

1. e4 c6 2. d4 d5 3. Nc3 dxe4 4. Nxe4 Bf5 5. Ng3 Bg6 6. h4 h6 7. Nf3 Nd7 8. h5 Bh7 9. Bd3 Bxd3 10. Qxd3 e6 11. Bd2 Ngf6 12. Ne4 Nxe4 13. Qxe4 Nf6 14. Qe2 Be7 15. 0-0-0 Qd5 16. c4 Qe4 17. Qxe4 Nxe4 18. Be3 0-0 19. Ne5 Rfd8 20. g4 Rac8 21. f3 Nd6 22. b3 b5 23. c5 Ne8 24. f4 Rd5 25. Rdg1 f6 26. Ng6 Bd8 27. Rf1 Rd7 28. g5 Nc7 29. gxh6 gxh6 30. Rhg1 Kf7 31. Ne5+ fxe5 32. fxe5+ Ke7 33. Rg7+ Ke8 34. Rg8+ Ke7 35. Bxh6 1-0

[Event "FIN-chT 1011"]
[Site "Finland"]
[Date "2010.09.18"]
[Round "1.5"]
[White "Saastamoinen, Aarne"]
[Black "Penttinen, Jarkko"]
[Result "1/2-1/2"]
[WhiteElo "2171"]
[BlackElo "2277"]
[PlyCount "38"]
[EventDate "2010.09.18"]
[EventType "team-tourn"]
[EventRounds "9"]
[EventCountry "FIN"]
[SourceTitle "EXT 2012"]
[Source "ChessBase"]
[SourceDate "2011.11.24"]
[SourceVersion "1"]
[SourceVersionDate "2011.11.24"]
[SourceQuality "1"]
[WhiteTeam "Joensuu SK"]
[BlackTeam "Tammer Shakki"]
[WhiteTeamCountry "FIN"]
[BlackTeamCountry "FIN"]

1. e4 e6 2. d3 d5 3. Nd2 c5 4. Ngf3 Nc6 5. g3 Bd6 6. Bg2 Nge7 7. 0-0 0-0 8. Qe2 Qc7 9. c3 f6 10. Re1 Bd7 11. a3 d4 12. Nc4 e5 13. cxd4 cxd4 14. Nxd6 Qxd6 15. Bd2 b5 16. Rec1 Be6 17. Nh4 Rfc8 18. f4 a5 19. Nf3 b4 1/2-1/2

[Event "FIN-chT 0910"]
[Site "Finland"]
[Date "2010.03.20"]
[Round "8.6"]
[White "Penttinen, Jarkko"]
[Black "Kivisto, Mikko"]
[Result "0-1"]
[WhiteElo "2291"]
[BlackElo "2277"]
[PlyCount "166"]
[EventDate "2009.09.19"]
[EventType "team-tourn"]
[EventRounds "9"]
[EventCountry "FIN"]
[SourceTitle "EXT 2022"]
[Source "ChessBase"]
[SourceDate "2021.10.06"]
[SourceVersion "1"]
[SourceVersionDate "2021.10.06"]
[SourceQuality "1"]
[WhiteTeam "Tampere Tammer"]
[BlackTeam "Espoo MatSK"]
[WhiteTeamCountry "FIN"]
[BlackTeamCountry "FIN"]

1. e4 c5 2. Nf3 e6 3. d4 cxd4 4. Nxd4 Nf6 5. Nc3 Nc6 6. Ndb5 Bb4 7. a3 Bxc3+ 8. Nxc3 d5 9. Bd3 dxe4 10. Nxe4 Nxe4 11. Bxe4 Qxd1+ 12. Kxd1 0-0 13. Be3 f5 14. Bd3 b6 15. f3 Ne5 16. Be2 Bb7 17. Kc1 Ng6 18. a4 e5 19. a5 f4 20. Bf2 e4 21. fxe4 Bxe4 22. Rg1 Rac8 23. c3 Rf6 24. axb6 axb6 25. Ra4 Bd5 26. Bd4 Rd6 27. Ra7 Bf7 28. Kb1 Nh4 29. Bd3 Rd5 30. Bxh7+ Kf8 31. Be4 Rg5 32. Rf1 Nxg2 33. Ka1 Re8 34. Bb1 Ra5+ 35. Rxa5 bxa5 36. Rf2 Bd5 37. c4 Bc6 38. Bg6 Re1+ 39. Ka2 Ke7 40. Bc3 Re6 41. Bf5 Rh6 42. Re2+ Kf7 43. Bxa5 f3 44. Re5 f2 45. Bd3 Nf4 46. Bf1 Bg2 47. Rf5+ Rf6 48. Rxf6+ gxf6 49. Bb6 Bxf1 50. Bxf2 Bxc4+ 51. Ka3 Nd3 52. Bd4 Bb5 53. Kb3 f5 54. Kc3 Ke6 55. b3 Kd5 56. h4 Nf4 57. Ba7 Be8 58. b4 Bb5 59. Kd2 Ke4 60. Be3 Nh5 61. Bc5 f4 62. Ke1 f3 63. Kf2 Nf4 64. Kg3 Be8 65. Kg4 Bd7+ 66. Kg3 Nd3 67. Bg1 Nxb4 68. h5 Bf5 69. h6 Nd3 70. Bb6 Ne5 71. Bg1 Nf7 72. Bc5 Nxh6 73. Bg1 Bc8 74. Bb6 Bb7 75. Bg1 Nf5+ 76. Kf2 Ne3 77. Kg3 Kd3 78. Kf4 Ng2+ 79. Kg3 Ke2 80. Kh3 Bc8+ 81. Kg3 Bd7 82. Kh2 f2 83. Bxf2 Kxf2 0-1